[Event "DVM U10 2023"]
[Site "Magdeburg GER"]
[Date "2023.12.28"]
[Round "5"]
[White "Trunz, Daniel"]
[Black "Birkoben, Georgi"]
[Result "1-0"]
[Termination "normal"]
[Board "16.3"]
[WhiteElo "1098"]
[BlackElo "934"]
[WhiteClock "00:23:14"]
[BlackClock "00:29:31"]
[WhiteTeam "SG Porz"]
[BlackTeam "SC Turm Erfurt"]
[PlyCount "45"]
[WhiteFideId "34640797"]
[EventCountry "GER"]
[EventRounds "7"]
[EventType "team-swiss"]
[EventDate "2023.12.27"]

1. e4 {[%clk 00:55:08]} {[%emt 00:00:02]} c5 {[%clk 00:55:01]} {[%emt
00:00:09]} 2. Nf3 {[%clk 00:55:06]} {[%emt 00:00:06]} d6 {[%clk 00:55:01]}
{[%emt 00:00:06]} 3. Bc4 {[%clk 00:54:48]} {[%emt 00:00:22]} Nf6 {[%clk
00:55:01]} {[%emt 00:00:05]} 4. Ng5 {[%clk 00:53:42]} {[%emt 00:01:11]} e6
{[%clk 00:54:25]} {[%emt 00:00:42]} 5. Nc3 {[%clk 00:52:58]} {[%emt 00:00:48]}
g6 {[%clk 00:52:53]} {[%emt 00:01:37]} 6. O-O {[%clk 00:52:13]} {[%emt
00:00:50]} Bg7 {[%clk 00:51:44]} {[%emt 00:01:15]} 7. d4 {[%clk 00:51:07]}
{[%emt 00:01:10]} cxd4 {[%clk 00:51:18]} {[%emt 00:00:32]} 8. Qxd4 {[%clk
00:50:11]} {[%emt 00:01:01]} O-O {[%clk 00:50:17]} {[%emt 00:01:06]} 9. Rd1
{[%clk 00:48:01]} {[%emt 00:02:14]} Ne8 {[%clk 00:48:19]} {[%emt 00:02:03]} 10.
Qe3 {[%clk 00:45:17]} {[%emt 00:02:49]} Nc6 {[%clk 00:46:47]} {[%emt 00:01:38]}
11. Qh3 {[%clk 00:41:23]} {[%emt 00:03:57]} h6 {[%clk 00:44:43]} {[%emt
00:02:10]} 12. Nf3 {[%clk 00:41:10]} {[%emt 00:00:18]} e5 {[%clk 00:43:06]}
{[%emt 00:01:43]} 13. Qg3 {[%clk 00:39:49]} {[%emt 00:01:25]} Nf6 {[%clk
00:41:57]} {[%emt 00:01:15]} 14. Qxg6 {[%clk 00:37:20]} {[%emt 00:02:34]} Kh8
{[%clk 00:38:59]} {[%emt 00:03:03]} 15. Bxf7 {[%clk 00:34:57]} {[%emt
00:02:27]} Qe7 {[%clk 00:36:49]} {[%emt 00:02:16]} 16. Bc4 {[%clk 00:32:36]}
{[%emt 00:02:25]} Be6 {[%clk 00:35:36]} {[%emt 00:01:19]} 17. Bxe6 {[%clk
00:30:34]} {[%emt 00:02:07]} Qxe6 {[%clk 00:35:21]} {[%emt 00:00:20]} 18. Bxh6
{[%clk 00:29:45]} {[%emt 00:00:53]} Qf7 {[%clk 00:33:36]} {[%emt 00:01:51]} 19.
Bxg7+ {[%clk 00:28:05]} {[%emt 00:01:45]} Qxg7 {[%clk 00:32:41]} {[%emt
00:01:00]} 20. Qf5 {[%clk 00:27:09]} {[%emt 00:01:01]} Rg8 {[%clk 00:32:22]}
{[%emt 00:00:23]} 21. Qh3+ {[%clk 00:26:14]} {[%emt 00:01:00]} Nh7 {[%clk
00:30:55]} {[%emt 00:01:33]} 22. Nh4 {[%clk 00:24:17]} {[%emt 00:02:01]} Ng5
{[%clk 00:29:31]} {[%emt 00:01:30]} 23. Ng6# {[%clk 00:23:14]} {[%emt
00:01:01]} 1-0

[Event "DVM U10 2023"]
[Site "Magdeburg GER"]
[Date "2023.12.28"]
[Round "5"]
[White "Nowak Ledesma, Lennon Mika"]
[Black "Sinner, Lennard"]
[Result "0-1"]
[Termination "normal"]
[Board "16.4"]
[WhiteElo "772"]
[BlackElo "785"]
[WhiteClock "00:28:43"]
[BlackClock "00:39:27"]
[WhiteTeam "SC Turm Erfurt"]
[BlackTeam "SG Porz"]
[PlyCount "70"]
[EventCountry "GER"]
[EventRounds "7"]
[EventType "team-swiss"]
[EventDate "2023.12.27"]

1. e4 {[%clk 00:55:05]} {[%emt 00:00:03]} e5 {[%clk 00:55:04]} {[%emt
00:00:07]} 2. Nf3 {[%clk 00:55:03]} {[%emt 00:00:08]} Nc6 {[%clk 00:54:51]}
{[%emt 00:00:18]} 3. d4 {[%emt 00:00:08]} Nf6 {[%clk 00:54:24]} {[%emt
00:00:30]} 4. dxe5 {[%clk 00:55:00]} {[%emt 00:00:07]} Nxe4 {[%clk 00:54:13]}
{[%emt 00:00:15]} 5. Bd3 {[%clk 00:54:48]} {[%emt 00:00:17]} Nc5 {[%clk
00:53:59]} {[%emt 00:00:19]} 6. Be3 {[%clk 00:52:35]} {[%emt 00:02:17]} g6
{[%clk 00:53:25]} {[%emt 00:00:39]} 7. O-O {[%clk 00:52:13]} {[%emt 00:00:28]}
Nxd3 {[%clk 00:52:56]} {[%emt 00:00:35]} 8. Qxd3 {[%clk 00:51:53]} {[%emt
00:00:24]} Nb4 {[%clk 00:51:24]} {[%emt 00:01:39]} 9. Qc4 {[%clk 00:51:34]}
{[%emt 00:00:20]} b6 {[%clk 00:51:12]} {[%emt 00:00:19]} 10. a3 {[%clk
00:51:30]} {[%emt 00:00:10]} Nc6 {[%clk 00:50:50]} {[%emt 00:00:27]} 11. Nc3
{[%clk 00:51:25]} {[%emt 00:00:10]} Nb8 {[%clk 00:50:31]} {[%emt 00:00:24]} 12.
Bd4 {[%clk 00:51:11]} {[%emt 00:00:18]} Ba6 {[%clk 00:50:07]} {[%emt 00:00:29]}
13. Qa4 {[%clk 00:50:27]} {[%emt 00:00:47]} Bxf1 {[%clk 00:50:06]} {[%emt
00:00:08]} 14. Rxf1 {[%clk 00:50:20]} {[%emt 00:00:10]} Bg7 {[%clk 00:49:55]}
{[%emt 00:00:19]} 15. e6 {[%clk 00:49:08]} {[%emt 00:01:17]} Bxd4 {[%clk
00:49:53]} {[%emt 00:00:07]} 16. Qxd4 {[%clk 00:48:55]} {[%emt 00:00:16]} O-O
{[%emt 00:00:58]} 17. Re1 {[%emt 00:00:36]} dxe6 {[%clk 00:48:22]} {[%emt
00:00:04]} 18. Qe4 {[%clk 00:48:32]} {[%emt 00:00:27]} c6 {[%clk 00:47:55]}
{[%emt 00:00:33]} 19. Ne5 {[%clk 00:48:11]} {[%emt 00:00:24]} Qd2 {[%clk
00:47:21]} {[%emt 00:00:40]} 20. Rd1 {[%clk 00:47:26]} {[%emt 00:00:46]} Qg5
{[%clk 00:46:25]} {[%emt 00:01:05]} 21. f4 {[%clk 00:45:34]} {[%emt 00:01:57]}
Qf5 {[%clk 00:45:48]} {[%emt 00:00:43]} 22. Qf3 {[%clk 00:44:56]} {[%emt
00:00:40]} Qxc2 {[%clk 00:45:02]} {[%emt 00:00:52]} 23. Rd6 {[%clk 00:44:07]}
{[%emt 00:00:54]} Rc8 {[%clk 00:44:14]} {[%emt 00:00:54]} 24. Rxc6 {[%clk
00:38:42]} {[%emt 00:05:30]} Nxc6 {[%clk 00:43:47]} {[%emt 00:00:32]} 25. Nxc6
{[%clk 00:37:47]} {[%emt 00:00:59]} Rf8 {[%clk 00:43:33]} {[%emt 00:00:20]} 26.
Ne7+ {[%clk 00:37:14]} {[%emt 00:00:39]} Kg7 {[%clk 00:43:03]} {[%emt
00:00:33]} 27. Qe3 {[%clk 00:34:15]} {[%emt 00:03:04]} Qxb2 {[%clk 00:41:49]}
{[%emt 00:01:20]} 28. Qe5+ {[%clk 00:33:36]} {[%emt 00:00:44]} f6 {[%clk
00:41:35]} {[%emt 00:00:20]} 29. Qc7 {[%clk 00:33:01]} {[%emt 00:00:39]} Qc1+
{[%clk 00:41:07]} {[%emt 00:00:33]} 30. Kf2 {[%clk 00:32:22]} {[%emt 00:00:45]}
Qd2+ {[%clk 00:40:29]} {[%emt 00:00:43]} 31. Kg3 {[%clk 00:32:06]} {[%emt
00:00:20]} Qe3+ {[%clk 00:40:18]} {[%emt 00:00:15]} 32. Kg4 {[%clk 00:31:58]}
{[%emt 00:00:12]} h5+ {[%clk 00:40:06]} {[%emt 00:00:19]} 33. Kh4 {[%clk
00:31:03]} {[%emt 00:00:57]} g5+ {[%clk 00:39:33]} {[%emt 00:00:42]} 34. Kxh5
{[%clk 00:30:15]} {[%emt 00:00:52]} Rh8+ {[%clk 00:39:29]} {[%emt 00:00:09]}
35. Kg4 {[%clk 00:28:43]} {[%emt 00:01:38]} Rh4# {[%clk 00:39:27]} {[%emt
00:00:07]} 0-1

[Event "DVM U10 2023"]
[Site "Magdeburg GER"]
[Date "2023.12.28"]
[Round "5"]
[White "Tran, Nhat Nam"]
[Black "Ziem, Ole"]
[Result "0-1"]
[Termination "normal"]
[Board "17.1"]
[WhiteElo "1302"]
[BlackElo "1391"]
[WhiteClock "00:28:15"]
[BlackClock "00:37:41"]
[WhiteTeam "Greifswalder SV"]
[BlackTeam "USC Magdeburg"]
[PlyCount "106"]
[WhiteFideId "34692193"]
[BlackFideId "34624791"]
[EventCountry "GER"]
[EventRounds "7"]
[EventType "team-swiss"]
[EventDate "2023.12.27"]

1. e4 {[%clk 00:55:08]} {[%emt 00:00:02]} e5 {[%clk 00:55:02]} {[%emt
00:00:09]} 2. Nf3 {[%clk 00:55:04]} {[%emt 00:00:08]} Nc6 {[%clk 00:55:03]}
{[%emt 00:00:04]} 3. Bb5 {[%clk 00:54:59]} {[%emt 00:00:09]} a6 {[%clk
00:54:55]} {[%emt 00:00:13]} 4. Bxc6 {[%clk 00:54:54]} {[%emt 00:00:11]} dxc6
{[%clk 00:54:50]} {[%emt 00:00:10]} 5. d4 {[%clk 00:54:36]} {[%emt 00:00:22]}
exd4 {[%clk 00:54:21]} {[%emt 00:00:35]} 6. Qxd4 {[%clk 00:54:15]} {[%emt
00:00:26]} Qxd4 {[%clk 00:53:57]} {[%emt 00:00:29]} 7. Nxd4 {[%clk 00:54:06]}
{[%emt 00:00:14]} Nf6 {[%clk 00:53:54]} {[%emt 00:00:08]} 8. Nc3 {[%clk
00:53:42]} {[%emt 00:00:29]} Bb4 {[%clk 00:53:32]} {[%emt 00:00:27]} 9. Nde2
{[%clk 00:53:28]} {[%emt 00:00:19]} Nxe4 {[%clk 00:53:10]} {[%emt 00:00:26]}
10. Bf4 {[%clk 00:53:12]} {[%emt 00:00:22]} Nxc3 {[%clk 00:52:32]} {[%emt
00:00:43]} 11. Nxc3 {[%clk 00:52:57]} {[%emt 00:00:19]} O-O {[%clk 00:52:02]}
{[%emt 00:00:35]} 12. O-O {[%clk 00:52:51]} {[%emt 00:00:12]} Bf5 {[%clk
00:51:23]} {[%emt 00:00:44]} 13. Rac1 {[%clk 00:50:52]} {[%emt 00:02:04]} Bd6
{[%clk 00:51:05]} {[%emt 00:00:23]} 14. Be3 {[%clk 00:50:19]} {[%emt 00:00:39]}
Rfe8 {[%clk 00:47:14]} {[%emt 00:03:55]} 15. Ne2 {[%clk 00:49:45]} {[%emt
00:00:39]} c5 {[%clk 00:46:20]} {[%emt 00:00:59]} 16. Rfd1 {[%clk 00:48:15]}
{[%emt 00:01:35]} Rad8 {[%clk 00:45:28]} {[%emt 00:00:56]} 17. Rd2 {[%clk
00:47:15]} {[%emt 00:01:06]} Rxe3 {[%clk 00:42:40]} {[%emt 00:02:53]} 18. Ng3
{[%clk 00:46:29]} {[%emt 00:00:50]} Re5 {[%clk 00:42:06]} {[%emt 00:00:38]} 19.
f4 {[%clk 00:46:17]} {[%emt 00:00:19]} Ree8 {[%clk 00:41:33]} {[%emt 00:00:38]}
20. Nxf5 {[%clk 00:46:02]} {[%emt 00:00:19]} Bxf4 {[%emt 00:00:24]} 21. Rxd8
{[%clk 00:45:39]} {[%emt 00:00:16]} Rxd8 {[%clk 00:41:24]} {[%emt 00:00:07]}
22. Re1 {[%clk 00:44:50]} {[%emt 00:00:55]} g6 {[%clk 00:40:58]} {[%emt
00:00:31]} 23. Ne3 {[%clk 00:41:37]} {[%emt 00:03:18]} Bxe3+ {[%clk 00:40:33]}
{[%emt 00:00:30]} 24. Rxe3 {[%clk 00:41:32]} {[%emt 00:00:10]} Rd1+ {[%clk
00:40:25]} {[%emt 00:00:12]} 25. Kf2 {[%clk 00:41:08]} {[%emt 00:00:29]} Rd2+
{[%clk 00:40:19]} {[%emt 00:00:13]} 26. Re2 {[%clk 00:40:53]} {[%emt 00:00:19]}
Rxe2+ {[%clk 00:40:18]} {[%emt 00:00:06]} 27. Kxe2 {[%clk 00:40:51]} {[%emt
00:00:07]} f5 {[%clk 00:40:16]} {[%emt 00:00:07]} 28. Kd3 {[%clk 00:40:39]}
{[%emt 00:00:16]} Kf7 {[%clk 00:40:13]} {[%emt 00:00:08]} 29. Kc4 {[%clk
00:40:22]} {[%emt 00:00:22]} b6 {[%clk 00:40:13]} {[%emt 00:00:05]} 30. Kd5
{[%clk 00:40:07]} {[%emt 00:00:21]} Ke7 {[%clk 00:40:05]} {[%emt 00:00:13]} 31.
Ke5 {[%clk 00:39:47]} {[%emt 00:00:25]} c6 {[%clk 00:39:58]} {[%emt 00:00:13]}
32. b3 {[%clk 00:39:16]} {[%emt 00:00:36]} b5 {[%clk 00:39:51]} {[%emt
00:00:11]} 33. c3 {[%clk 00:37:51]} {[%emt 00:01:30]} a5 {[%clk 00:39:25]}
{[%emt 00:00:31]} 34. c4 {[%clk 00:37:27]} {[%emt 00:00:29]} b4 {[%clk
00:38:44]} {[%emt 00:00:46]} 35. h4 {[%clk 00:36:18]} {[%emt 00:01:14]} h6
{[%clk 00:38:32]} {[%emt 00:00:17]} 36. g3 {[%clk 00:35:50]} {[%emt 00:00:33]}
h5 {[%clk 00:38:30]} {[%emt 00:00:07]} 37. Kf4 {[%clk 00:35:43]} {[%emt
00:00:11]} Kf6 {[%clk 00:38:29]} {[%emt 00:00:07]} 38. Kf3 {[%clk 00:35:08]}
{[%emt 00:00:40]} g5 {[%clk 00:38:18]} {[%emt 00:00:15]} 39. Kf2 {[%clk
00:33:21]} {[%emt 00:01:52]} gxh4 {[%clk 00:38:11]} {[%emt 00:00:12]} 40. gxh4
{[%clk 00:33:15]} {[%emt 00:00:11]} f4 {[%clk 00:38:11]} {[%emt 00:00:06]} 41.
Ke2 {[%clk 00:32:44]} {[%emt 00:00:36]} Kf5 {[%clk 00:38:08]} {[%emt 00:00:08]}
42. Kf3 {[%clk 00:32:38]} {[%emt 00:00:10]} Ke5 {[%clk 00:38:06]} {[%emt
00:00:07]} 43. Kf2 {[%clk 00:32:12]} {[%emt 00:00:31]} Ke4 {[%clk 00:38:05]}
{[%emt 00:00:07]} 44. Ke2 {[%clk 00:31:49]} {[%emt 00:00:28]} f3+ {[%clk
00:38:03]} {[%emt 00:00:06]} 45. Kf2 {[%clk 00:31:27]} {[%emt 00:00:28]} Kf4
{[%clk 00:38:05]} {[%emt 00:00:03]} 46. Kf1 {[%clk 00:30:39]} {[%emt 00:00:53]}
Kg3 {[%clk 00:38:05]} {[%emt 00:00:05]} 47. Kg1 {[%clk 00:30:17]} {[%emt
00:00:27]} Kxh4 {[%clk 00:37:59]} {[%emt 00:00:11]} 48. Kf2 {[%clk 00:30:14]}
{[%emt 00:00:08]} Kg4 {[%clk 00:38:00]} {[%emt 00:00:03]} 49. Kf1 {[%clk
00:29:50]} {[%emt 00:00:30]} h4 {[%clk 00:37:57]} {[%emt 00:00:09]} 50. Kf2
{[%clk 00:29:22]} {[%emt 00:00:33]} h3 {[%clk 00:37:56]} {[%emt 00:00:05]} 51.
Kg1 {[%clk 00:28:37]} {[%emt 00:00:49]} Kg3 {[%clk 00:37:51]} {[%emt 00:00:10]}
52. Kh1 {[%clk 00:28:27]} {[%emt 00:00:15]} f2 {[%clk 00:37:41]} {[%emt
00:00:15]} 53. a4 {[%clk 00:28:15]} {[%emt 00:00:18]} f1=Q# {[%emt 00:00:14]}
0-1

[Event "DVM U10 2023"]
[Site "Magdeburg GER"]
[Date "2023.12.28"]
[Round "5"]
[White "Tran, Gia Huy"]
[Black "Zarbock, Tim Pepe"]
[Result "0-1"]
[Termination "normal"]
[Board "17.2"]
[WhiteElo "1200"]
[BlackElo "756"]
[WhiteClock "00:20:00"]
[BlackClock "00:27:57"]
[WhiteTeam "USC Magdeburg"]
[BlackTeam "Greifswalder SV"]
[PlyCount "140"]
[WhiteFideId "34624813"]
[EventCountry "GER"]
[EventRounds "7"]
[EventType "team-swiss"]
[EventDate "2023.12.27"]

1. e4 {[%clk 00:55:09]} e5 {[%clk 00:55:06]} {[%emt 00:00:06]} 2. Nf3 {[%clk
00:55:05]} {[%emt 00:00:08]} Nc6 {[%clk 00:55:03]} {[%emt 00:00:08]} 3. Bc4
{[%clk 00:54:50]} {[%emt 00:00:20]} Bc5 {[%clk 00:54:57]} {[%emt 00:00:10]} 4.
Nc3 {[%clk 00:54:41]} {[%emt 00:00:15]} Nf6 {[%clk 00:54:51]} {[%emt 00:00:11]}
5. d3 {[%clk 00:54:20]} {[%emt 00:00:25]} d6 {[%clk 00:54:46]} {[%emt
00:00:11]} 6. h3 {[%clk 00:54:14]} {[%emt 00:00:10]} Be6 {[%clk 00:54:25]}
{[%emt 00:00:27]} 7. Bb3 {[%clk 00:53:51]} {[%emt 00:00:27]} h6 {[%clk
00:53:53]} {[%emt 00:00:37]} 8. Be3 {[%clk 00:53:28]} {[%emt 00:00:29]} O-O
{[%clk 00:53:18]} {[%emt 00:00:40]} 9. O-O {[%clk 00:53:19]} {[%emt 00:00:14]}
Bxe3 {[%clk 00:52:49]} {[%emt 00:00:33]} 10. fxe3 {[%clk 00:53:12]} {[%emt
00:00:12]} Bxb3 {[%clk 00:52:23]} {[%emt 00:00:31]} 11. axb3 {[%clk 00:50:53]}
{[%emt 00:02:25]} Qe7 {[%clk 00:49:32]} {[%emt 00:02:56]} 12. Qe1 {[%clk
00:49:09]} {[%emt 00:01:49]} Nb4 {[%clk 00:48:58]} {[%emt 00:00:39]} 13. Rc1
{[%clk 00:47:52]} {[%emt 00:01:21]} d5 {[%clk 00:47:41]} {[%emt 00:01:23]} 14.
exd5 {[%clk 00:46:16]} {[%emt 00:01:40]} Nfxd5 {[%clk 00:47:27]} {[%emt
00:00:20]} 15. Nxd5 {[%clk 00:45:41]} {[%emt 00:00:40]} Nxd5 {[%clk 00:47:20]}
{[%emt 00:00:11]} 16. e4 {[%clk 00:45:02]} {[%emt 00:00:45]} Nb6 {[%clk
00:46:23]} {[%emt 00:01:02]} 17. Qg3 {[%clk 00:44:21]} {[%emt 00:00:45]} f6
{[%clk 00:45:48]} {[%emt 00:00:40]} 18. Nh4 {[%clk 00:43:41]} {[%emt 00:00:46]}
Qf7 {[%clk 00:45:05]} {[%emt 00:00:48]} 19. Nf5 {[%clk 00:42:56]} {[%emt
00:00:49]} Kh7 {[%clk 00:43:59]} {[%emt 00:01:12]} 20. Qh4 {[%clk 00:41:28]}
{[%emt 00:01:33]} Qg6 {[%clk 00:42:36]} {[%emt 00:01:27]} 21. Rf3 {[%clk
00:40:15]} {[%emt 00:01:19]} Qg5 {[%clk 00:42:08]} {[%emt 00:00:33]} 22. Qxg5
{[%clk 00:39:37]} {[%emt 00:00:42]} fxg5 {[%clk 00:41:46]} {[%emt 00:00:26]}
23. Rcf1 {[%clk 00:38:51]} {[%emt 00:00:52]} g6 {[%clk 00:39:04]} {[%emt
00:02:48]} 24. Ne7 {[%clk 00:38:09]} {[%emt 00:00:46]} Kg7 {[%clk 00:38:42]}
{[%emt 00:00:27]} 25. Nd5 {[%clk 00:37:16]} {[%emt 00:00:59]} Nxd5 {[%clk
00:38:27]} {[%emt 00:00:20]} 26. exd5 {[%clk 00:37:06]} {[%emt 00:00:15]} Rxf3
{[%clk 00:38:14]} {[%emt 00:00:18]} 27. Rxf3 {[%clk 00:36:59]} {[%emt
00:00:11]} Rf8 {[%clk 00:37:59]} {[%emt 00:00:20]} 28. c4 {[%clk 00:36:38]}
{[%emt 00:00:26]} Rxf3 {[%clk 00:37:45]} {[%emt 00:00:19]} 29. gxf3 {[%clk
00:36:31]} {[%emt 00:00:13]} Kf7 {[%clk 00:37:29]} {[%emt 00:00:20]} 30. Kf2
{[%clk 00:36:18]} {[%emt 00:00:18]} Ke7 {[%clk 00:37:20]} {[%emt 00:00:15]} 31.
Ke3 {[%clk 00:35:59]} {[%emt 00:00:24]} Kd6 {[%clk 00:37:09]} {[%emt 00:00:16]}
32. b4 {[%clk 00:35:31]} {[%emt 00:00:33]} c5 {[%clk 00:37:07]} {[%emt
00:00:06]} 33. b5 {[%clk 00:35:01]} {[%emt 00:00:35]} a6 {[%clk 00:36:31]}
{[%emt 00:00:41]} 34. Ke4 {[%clk 00:34:36]} {[%emt 00:00:30]} h5 {[%clk
00:36:17]} {[%emt 00:00:20]} 35. b3 {[%clk 00:33:58]} {[%emt 00:00:42]} axb5
{[%clk 00:35:49]} {[%emt 00:00:33]} 36. cxb5 {[%clk 00:33:47]} {[%emt
00:00:16]} b6 {[%clk 00:34:37]} {[%emt 00:01:17]} 37. d4 {[%clk 00:30:48]}
{[%emt 00:03:04]} exd4 {[%clk 00:34:32]} {[%emt 00:00:10]} 38. b4 {[%clk
00:28:52]} {[%emt 00:02:02]} cxb4 {[%clk 00:34:28]} {[%emt 00:00:08]} 39. Kxd4
{[%clk 00:28:48]} {[%emt 00:00:08]} b3 {[%clk 00:34:01]} {[%emt 00:00:33]} 40.
Kc3 {[%clk 00:28:45]} {[%emt 00:00:08]} Kxd5 {[%clk 00:33:51]} {[%emt
00:00:15]} 41. Kxb3 {[%clk 00:28:30]} {[%emt 00:00:20]} Kc5 {[%clk 00:33:46]}
{[%emt 00:00:11]} 42. Ka4 {[%clk 00:28:12]} {[%emt 00:00:22]} Kc4 {[%clk
00:33:31]} {[%emt 00:00:20]} 43. Ka3 {[%clk 00:28:03]} {[%emt 00:00:15]} Kxb5
{[%clk 00:33:30]} {[%emt 00:00:06]} 44. Kb3 {[%clk 00:27:52]} {[%emt 00:00:16]}
Ka5 {[%clk 00:33:29]} {[%emt 00:00:06]} 45. Kc4 {[%clk 00:27:12]} {[%emt
00:00:44]} b5+ {[%clk 00:33:28]} {[%emt 00:00:07]} 46. Kb3 {[%clk 00:27:03]}
{[%emt 00:00:14]} b4 {[%clk 00:33:25]} {[%emt 00:00:08]} 47. Kb2 {[%clk
00:26:41]} {[%emt 00:00:27]} Ka4 {[%clk 00:32:52]} {[%emt 00:00:37]} 48. Kc2
{[%clk 00:26:32]} {[%emt 00:00:14]} Ka3 {[%clk 00:32:44]} {[%emt 00:00:14]} 49.
Kb1 {[%clk 00:26:01]} {[%emt 00:00:36]} b3 {[%clk 00:32:38]} {[%emt 00:00:11]}
50. Ka1 {[%clk 00:25:36]} {[%emt 00:00:30]} h4 {[%clk 00:32:21]} {[%emt
00:00:21]} 51. Kb1 {[%clk 00:25:04]} {[%emt 00:00:37]} b2 {[%clk 00:32:17]}
{[%emt 00:00:10]} 52. f4 {[%clk 00:24:46]} {[%emt 00:00:23]} gxf4 {[%clk
00:32:16]} {[%emt 00:00:05]} 53. Kc2 {[%clk 00:24:07]} {[%emt 00:00:45]} Ka2
{[%clk 00:32:09]} {[%emt 00:00:12]} 54. Kd3 {[%clk 00:23:35]} {[%emt 00:00:36]}
b1=Q+ {[%clk 00:31:53]} {[%emt 00:00:21]} 55. Ke2 {[%clk 00:23:31]} {[%emt
00:00:09]} Qf5 {[%clk 00:31:50]} {[%emt 00:00:08]} 56. Kf3 {[%clk 00:23:13]}
{[%emt 00:00:22]} Kb3 {[%clk 00:31:34]} {[%emt 00:00:22]} 57. Kg2 {[%clk
00:23:06]} {[%emt 00:00:12]} f3+ {[%clk 00:31:13]} {[%emt 00:00:27]} 58. Kf2
{[%clk 00:22:48]} {[%emt 00:00:22]} Qxh3 {[%clk 00:31:02]} {[%emt 00:00:16]}
59. Ke3 {[%clk 00:22:30]} {[%emt 00:00:24]} Qg3 {[%clk 00:30:38]} {[%emt
00:00:28]} 60. Ke4 {[%clk 00:22:11]} {[%emt 00:00:24]} f2 {[%clk 00:30:24]}
{[%emt 00:00:19]} 61. Kd5 {[%clk 00:21:53]} {[%emt 00:01:16]} f1=Q {[%clk
00:30:05]} {[%emt 00:00:25]} 62. Ke6 {[%clk 00:21:48]} {[%emt 00:00:10]} Qe3+
{[%clk 00:29:59]} {[%emt 00:00:11]} 63. Kd6 {[%clk 00:21:31]} {[%emt 00:00:21]}
Kc3 {[%clk 00:29:40]} {[%emt 00:00:25]} 64. Kd5 {[%clk 00:21:14]} {[%emt
00:00:22]} Qd1+ {[%clk 00:29:33]} {[%emt 00:00:13]} 65. Kc6 {[%clk 00:21:08]}
{[%emt 00:00:10]} Kd2 {[%clk 00:29:31]} {[%emt 00:00:07]} 66. Kd5 {[%clk
00:20:50]} {[%emt 00:00:22]} Ke2+ {[%clk 00:29:28]} {[%emt 00:00:09]} 67. Kc4
{[%clk 00:20:45]} {[%emt 00:00:09]} Qec1+ {[%clk 00:28:36]} {[%emt 00:00:58]}
68. Kb4 {[%clk 00:20:28]} {[%emt 00:00:22]} Qdc2 {[%clk 00:28:21]} {[%emt
00:00:20]} 69. Ka5 {[%clk 00:20:11]} {[%emt 00:00:22]} Q1b1 {[%clk 00:28:04]}
{[%emt 00:00:22]} 70. Ka6 {[%clk 00:20:00]} {[%emt 00:00:16]} Qca2# {[%clk
00:27:57]} {[%emt 00:00:12]} 0-1